| 000 | 00441 a2200169 4500 | ||
|---|---|---|---|
| 003 | OSt | ||
| 005 | 20180116182627.0 | ||
| 008 | 160429b xxu||||| |||| 00| 0 eng d | ||
| 040 | _c0 | ||
| 082 | _a519.5 ELI 1998 | ||
| 100 | _aKIRK W. ELIFSON | ||
| 110 | _aRICHARD P. RUNYON | ||
| 245 |
_aFUNDAMENTALS OF SOCIAL STATISTICS _cKIRK W. ELIFSON |
||
| 250 | _a3RD ED | ||
| 260 |
_aMCGRAW HILL BOSTON _c1998 |
||
| 942 |
_aNBS _cBK _k519.5 ELI _2ddc |
||
| 999 |
_c342987 _d342987 |
||